Landscape architecture : a young profession with a bright future.

Saved in:
Bibliographic Details
Corporate Author: Agriculture and Mechanical College of Texas.
Format: Book
Language:English
Published: [College Station, Tex.] : A & M College of Texas, [19--?]
Subjects:
Tags: Add Tag
No Tags, Be the first to tag this record!
LEADER 00628nam a22001697u 4500
001 000000340-9
005 20090409105027.0
008 830127s19uu ||||||| |||| |0||||eng|d
035 0 |a ocn424456180 
245 0 0 |a Landscape architecture :  |b a young profession with a bright future. 
260 0 |a [College Station, Tex.] :  |b A & M College of Texas,  |c [19--?] 
300 |a 1 folded sheet (4 p.) :  |b ill. ;  |c 28 x 22 cm. folded to 9 x 22 cm. 
650 0 |a Landscape architecture  |x Study and teaching. 
650 0 |a Landscape architecture  |x Vocational guidance. 
710 2 |a Agriculture and Mechanical College of Texas. 
988 |a 20020608 
906 |0 MH